00583 a2200217 4500260001000000630003800010037001200048650002600060100003300086700002300119260001200142245009400154300001000248650004100258260000900299300001000308100000700318037001100325037001100336020001800347 aParis a33 - Economie. Economie politique b2, CIUF a3 - SCIENCES SOCIALES aMassabie-François, Martine aPoulain, Elisabeth bBréal aLexique du commerce international : les 2600 mots actuels et pratiques de l'import-export a240 p aCommerce international : vocabulaire c2002 b21 cm lFr a07/081 a07/086 a2 84291 995 5